000 00374nam a2200145Ia 4500
008 210716s2005 xx 000 0 und d
041 _aeng
082 _a658.15 SRIR
100 _aSrivastava, R M.
245 _aFinancial management and policy.
250 _a1
260 _aBangalore
_bHimalaya Publishing House
_c2005
300 _a925
650 _aFinancial Management
999 _c199502
_d199502